Top Countries According to WJP Rule of Law - Statistics

General Stats
  • This quiz has been taken 33 times
  • The average score is 12 of 15
Answer Stats
Rank Country % Correct
4 Sweden
96%
6 Germany
93%
2 Norway
93%
11 Australia
89%
1 Denmark
89%
8 New Zealand
89%
10 United Kingdom
89%
12 Canada
86%
3 Finland
86%
7 Austria
79%
5 Netherlands
79%
13 Belgium
75%
15 Japan
61%
9 Singapore
61%
14 Estonia
7%
No matching quizzes found
Score Distribution
Percent of People with Each Score
Percentile by Number Answered
Your Score History
You have not taken this quiz